000 00509nam a2200193Ia 4500
003 OSt
005 20251128145924.0
008 220917b |||||||| |||| 00| 0 eng d
037 _cTB
040 _aARTS
_cARTS
_beng
041 _2eng
_aeng
084 _aS:(G) L0
_qAL
100 _aEibl Eibesfeldt, I
_987352
245 0 _aEthology:
_b The biology of behavior
260 _c1970
650 _aPSYCHOLOGY
_9853548
942 _hS:g L0
_cTB
_2CC
_n0
999 _c205559
_d205559